Tratado de terapeutica homeopática (Record no. 166600)

MARC details
000 -LEADER
campo de control de longitud fija 00967nam a22001695i 4500
001 - NÚMERO DE CONTROL
campo de control 166600
003 - IDENTIFICADOR DE NÚMERO DE CONTROL
campo de control ES-MaACL
005 - FECHA Y HORA DE LA ÚLTIMA TRANSACCIÓN
campo de control 20230906213350.0
008 - DATOS DE LONGITUD FIJA--INFORMACIÓN GENERAL
campo de control de longitud fija 981216s1885 gw a |||| | spa d
040 ## - FUENTE DE CATALOGACIÓN
Centro catalogador/agencia de origen CCPB | B
Lengua de catalogación spa
Centro/agencia transcriptor CCPB | B
245 00 - MENCIÓN DEL TÍTULO
Título Tratado de terapeutica homeopática
Resto del título : escrito bajo el punto de vista actual de la medicina y utilizando los últimos adelantos de la literatura homeopática, con un resumen de anatomia y fisiologia humanas reglas para la inspeccion clinica, diagnostico, tratamiento y dietética, y con 200 grabados anatómicos y patológicos intercalados en el testo [sic.] para uso de los médicos y personas instruidas /
Mención de responsabilidad, etc. traducido al español, corregido y aumentado de la tercera y ultima edicion alemana por Paz Alvarez.
260 ## - PUBLICACIÓN, DISTRIBUCIÓN, ETC.
Lugar de publicación, distribución, etc. Leipzig :
Nombre del editor, distribuidor, etc. Willmar Schwabe,
Fecha de publicación, distribución, etc. 1885.
300 ## - DESCRIPCIÓN FÍSICA
Extensión 2 v. :
Otras características físicas il. ;
Dimensiones 23 cm.
650 04 - PUNTO DE ACCESO ADICIONAL DE MATERIA--TÉRMINO DE MATERIA
Término de materia o nombre geográfico como elemento de entrada Homeopatía.
9 (RLIN) 13463
852 ## - LOCALIZACIÓN
Ubicación ES-MaACL
Número de control de estantería F-12534-35
Nota libre -- Enc. pasta española
Holdings
Estatus retirado Estado de pérdida Estado de daño No para préstamo Colección Biblioteca de origen Biblioteca actual Ubicación en estantería Fecha de adquisición Total de préstamos Signatura topográfica completa Código de barras Visto por última vez Precio de reemplazo Tipo de ítem Koha
        Libros del s. XIX Biblioteca del Ateneo de Madrid Biblioteca del Ateneo de Madrid Sala Pecera Planta 2 17/01/2008   F-12534-35 1174732 23/02/2023 23/02/2023 Libro impreso antiguo